Si Ella Quisiera - Justin Quiles - Estadísticas

Estadísticas generales
  • Esta prueba ha sido intentada 35 veces
  • La puntuación promedio es 215 de 356
Estadísticas de respuestas
Letra % Correcto
a
100%
andan
83%
Bebiendo
83%
buscando
83%
de
83%
Después
83%
el
83%
El
83%
ella
83%
en
83%
fue
83%
ha
83%
haberlo
83%
hecho
83%
la
83%
le
83%
Le
83%
levanta
83%
madrugada
83%
no
83%
o
83%
quisiera,
83%
se
83%
Se
83%
Si
83%
sol
83%
Sola
83%
sola
83%
toda
83%
Todavía
83%
ventana
83%
vuelto
83%
y
83%
Y
83%
bella
67%
doy
67%
es
67%
lo
67%
Lo
67%
me
67%
mi
67%
noche
67%
otra
67%
que
67%
Que
67%
quiera
67%
Al
50%
amaneció
50%
amaneció)
50%
aún
50%
aventura
50%
botella
50%
como
50%
compro
50%
con
50%
(Conmigo
50%
conocí
50%
Detrás
50%
día
50%
entrega,
50%
especial
50%
fui,
50%
J
50%
loco
50%
locura
50%
lugar
50%
manera
50%
modales
50%
mueva
50%
nueva
50%
otro
50%
para
50%
pare,
50%
pidiera,
50%
Quería
50%
recordar
50%
ropa
50%
sin
50%
su
50%
Su
50%
toco
50%
todo
50%
50%
un
50%
Una
50%
una
50%
Yo
50%
agarra
33%
ahora
33%
Ahora
33%
Bajo
33%
bebió
33%
cada
33%
cadena
33%
cena
33%
condición
33%
copas
33%
Cuando
33%
cuerpo
33%
dulzura
33%
eres
33%
escucha
33%
está
33%
favorito
33%
Justin
33%
llena
33%
loca
33%
luna
33%
nena,
33%
nena
33%
Nos
33%
pasamos
33%
plato
33%
pone
33%
puso
33%
Quiles
33%
solita
33%
soy
33%
tema
33%
tentación
33%
vez
33%
arena
17%
coge
17%
cuento
17%
empieza
17%
encadena,
17%
frena,
17%
habitación
17%
llego
17%
los
17%
mami
17%
más
17%
mata
17%
morena
17%
Music
17%
nunca
17%
plena
17%
quema,
17%
Rich
17%
sacúdelo
17%
tengo
17%
tiempo
17%
vacío
17%
voy
17%
Aja
0%
bomba
0%
calidad
0%
Chino
0%
complacer
0%
Control
0%
Dímelo
0%
Dj
0%
Ingeniero
0%
Nenus
0%
Ninguno
0%
Promise
0%
sentidos
0%
suelta
0%
The
0%
todos
0%
Uooh,
0%
Uooh
0%
up
0%
What's
0%
No se encontraron pruebas coincidentes
Distribución de puntuación
Porcentaje de gente con cada puntuación
Porcentaje por número respondido
Historial de tus puntuaciones
No has intentado esta prueba.